000 01326nam a22003617a 4500
003 CHAP
005 20220817044236.0
008 081215s2003 es a r 00110 spa d
010 _a95495
011 _a96467
020 _a8420010022
035 _a107121
040 _cCHAP
082 0 4 _a641.21
_bV86y
100 1 _aVogel, Wolfgang
_9120608
245 1 0 _aElaboración casera de vinos :
_bvinos de uvas, manzanas y bayas
_c/por Wolfgang Vogel ; traductor Jaime Esaín Escobar
260 _aZaragoza, Esp. :
_bAcribia,
_c2003
300 _aix, 146 p. :
_bilus., cuadros
500 _aIncluye índice
500 _aTraducción de : Wein aus eigenen keller. Trauben apfel - und beerenweine, 6 ed.
590 _aBATCH-UPD
_b10
_c20130110
_lUCH01
_h0806
590 _aBATCH-UPD
_b10
_c20130111
_lUCH01
_h0001
590 _aBATCH-UPD
_b10
_c20130410
_lUCH01
_h0444
590 _aBATCH-UPD
_b10
_c20130914
_lUCH01
_h2105
590 _aCONVERSION
_b10
_c20130109
_lUCH01
_h1353
650 1 4 _aVino
_xElaboración.
_9119861
650 1 4 _aViticultura.
700 1 _aEscobar, Jaime Esaín
_e, tr.
_937528
901 _aBK
942 _cLIBRO
949 _a641.21 V86y
_bBC
_cLIBRO
_d33724002070801
_eLIBRO
_gI.c/e
_h110055
_i107121
_sb
_t$240.50
949 _a641.21 V86y
_bBC
_cLIBRO
_d33724002071173
_eLIBRO
_fc.2
_gI.c/e
_h110208
_i107121
_si
_t$240.50
999 _c95495
_d95495